Score 0/20 Timer 04:00
0 Plays Today
Movie Actor/Actress % Correct
Star Wars???
92.1%
Pulp Fiction???
87.4%
The Dark Knight???
84.5%
Forrest Gump???
79.6%
Schindler's List???
79.1%
The Shawshank Redemption???
78.5%
The Godfather???
76.6%
The Matrix???
75.1%
The Silence of the Lambs???
72.5%
Reservoir Dogs???
71.6%
Movie Actor/Actress % Correct
Goodfellas???
71.3%
Django Unchained???
69%
Inception???
67.7%
Chinatown???
65%
It's a Wonderful Life???
58%
Casablanca???
52.9%
Dodgeball: A True Underdog Story???
42.8%
Apocalypse Now???
40.4%
One Flew Over the Cuckoo's Nest???
36%
Gone with the Wind???
34.5%

You're not logged in!

Compare scores with friends on all Sporcle quizzes.
OR
Log In

Sporcle TV

Today on Sporcle TV


Watch our educational content, quiz creation guides, and fun videos on Sporcle TV.

Show Comments

Extras

Top Quizzes Today


Score Distribution

Your Account Isn't Verified!

In order to create a playlist on Sporcle, you need to verify the email address you used during registration. Go to your Sporcle Settings to finish the process.

Report this User

Report this user for behavior that violates our Community Guidelines.

Details: